000 01458nam a22004577a 4500
001 0009837
003 KOHA_MİRAKIL
005 20260207001723.0
007 ta
008 120113b1999 tu |||gr||||#||||0|tur |
020 _a9754928533
_c0,01
040 _aTR-BiSEU
_btur
_cTR-BiSEU
_erda
041 0 _atur
044 _ctu
050 _aHG3881
_b.G47 1999
100 1 _aGerek, Sevgi.
245 1 _aFinansal küreselleşme ve Türkiye/
_cSevgi Gerek ; Sevgi Gerek.
264 1 _aEskişehir :
_bAnadolu Üniversitesi İktisadi ve İdari Bilimler Fakültesi
_c1999
300 _a162 sayfa; 25 cm.
336 _ametin
_btxt
_2rdacontent
337 _aaracısız
_bn
_2rdamedia
338 _acilt
_bnc
_2rdacarrier
490 1 _aT.C.
490 1 _aAnadolu Üniversitesi yayınları ;
_vno.
490 1 _a1095.
490 1 _aİktisadi ve İdari Bilimler Fakültesi yayınları ;
_vno.
490 1 _a149.
500 _aKaynakça var.
650 0 _aMali krizler.
_917575
650 0 _aUluslararası finans.
_96525
650 0 _aPara politikası--Türkiye.
_98340
650 0 _aFinancial crisis.
_924265
650 0 _aInternational finance.
_95141
650 0 _aMonetary policy--Turkey.
_98161
830 1 _aT.C.
_96297
830 1 _aAnadolu Üniversitesi yayınları ;
_vno.
_97107
830 1 _a1095.
_924266
830 1 _aİktisadi ve İdari Bilimler Fakültesi yayınları ;
_vno.
_910641
830 1 _a149.
_918480
942 _2lcc
_cBK
999 _c9809
_d9809